000 01231nam a2200241 a 4500
008 120416s1973 ||||||||||||||||| || u
020 _a9221010031
050 _aHD 2755.5 Mul
110 _aInternational Labour Office
245 1 0 _aMultinational enterprises and social policy: an ILO publication on multinational enterprises
260 _aGeneva
_bInternational Labour Office
_c1973
300 _ax, 182 p.
350 _a0.00
490 _aIts Studies and reports. New ser., no. 79
490 _v An ILO publication on multinational enterprises
500 _aIncludes the text of a working paper submitted to the Meeting on the Relationship between Multinational Corporations and Social Policy, Geneva, 1972, and the report and conclusions adopted by that meeting. -Includes bibliographical references.
650 0 _aINDUSTRIAL RELATIONS
650 _aINDUSTRIAL SOCIOLOGY
650 0 _aINTERNATIONAL BUSINESS ENTERPRISES
650 0 _aBUSINESS
710 _aMeeting on the Relationship between Multinational Corporations and Social Policy, Geneva, 1972
995 _D0.00
_FCBU-MAIN LIBRARY (Kitwe)
_H1
_I36.75
_M1
_UAVAILABLE
_ZAnnex Low-Usage Collection
999 _c51790
_d51790